Asher neshamah be-apam : (Record no. 31762)

MARC details
000 -LEADER
fixed length control field 00556cam a22002051 4500
001 - CONTROL NUMBER
control field he 66000962
003 - CONTROL NUMBER IDENTIFIER
control field DLC
005 - DATE AND TIME OF LATEST TRANSACTION
control field 20260227111439.0
008 - FIXED-LENGTH DATA ELEMENTS--GENERAL INFORMATION
fixed length control field 830526s1962 is 000 1 heb
010 ## - LIBRARY OF CONGRESS CONTROL NUMBER
LC control number he 66000962
035 ## - SYSTEM CONTROL NUMBER
System control number (OCoLC)19140036
040 ## - CATALOGING SOURCE
Original cataloging agency DLC
Transcribing agency MH
Modifying agency CU
-- DLC
042 ## - AUTHENTICATION CODE
Authentication code premarc
050 00 - LIBRARY OF CONGRESS CALL NUMBER
Classification number PJ5053.E9
Item number A9
100 0# - MAIN ENTRY--PERSONAL NAME
Personal name ʻEver-Hadani,
Dates associated with a name 1899-
245 10 - TITLE STATEMENT
Title Asher neshamah be-apam :
Remainder of title sipurim /
Statement of responsibility, etc. ʻEver ha-Dani.
260 ## - PUBLICATION, DISTRIBUTION, ETC.
Place of publication, distribution, etc. Tel Aviv :
Name of publisher, distributor, etc. Masadah,
Date of publication, distribution, etc. 723 [1962 or 1963]
300 ## - PHYSICAL DESCRIPTION
Extent 241 p. ;
Dimensions 19 cm.
752 ## - ADDED ENTRY--HIERARCHICAL PLACE NAME
Country or larger entity Israel
City Tel Aviv

No items available.

Powered by Koha